01148 2200289 4500001002100000005001500021035002000036007000300056008004100059020002200100082001100122084002000133100003500153245007200188250005900260300003200319650002000351650001000371700002500381520031400406264003200720336002100752337003000773338002300803990001600826990001600842INLIS00000000116245420221102034108 a0010-1022000328ta221102 g 0 ind  a978-602-250-683-6 a2X7.15 aSR 2X7.15 MUW h0 aMuwafik Saleh, Akh.epengarang1 aHari-hari mencari cinta /cAkh. Muwafik Saleh; penyunting, Mardiati aCetakan Pertama, Jumadil Awwal 1441 H/ Desember 2019 M axviii, 310 halaman ;c23 cm 4aPsikologi Agama 4aIslam0 aMardiatiepenyunting aBuku Hari-Hari Mencari Cinta adalah sebuah goresan pena perenungan yang dituangkan hari demi hari oleh penulis. Sebuah teropongan jiwa atas hari-hari yang bertebaran di sekeliling kita. Hari-hari yang patut dicerna dan dicermati rahasia di baliknya. Bukankah waktu adalah titipan dan anugerah dari Sang Kuasa? aDepok :bGema Insani,c2019 2rdacontentaTeks 2rdamediaaTanpa perantara 2rdacarrieraVolume a49937.62757 a49938.62758